| 000 | 00723nam a2200229 a 4500 | ||
|---|---|---|---|
| 001 | 000022765 | ||
| 005 | 20200930021802.0 | ||
| 008 | 101117s1972 sp a r 000 0 spa d | ||
| 040 |
_aDO-SdBNP _bspa _cBNPHU |
||
| 082 |
_axxxx _bS473P |
||
| 100 | 1 |
_aPopovici, Cirilo _946773 |
|
| 245 | 1 | 0 |
_aSempere / _cCirilo Popovici. |
| 260 |
_aValencia : _bDirección General de Bellas Artes, _c1972. |
||
| 300 |
_a97 p. : _bil. ; _c17 cm. |
||
| 490 | 1 | _aPintores | |
| 490 | 1 |
_aArtistas españoles contemporaneos ; _v35 |
|
| 500 | _aIncluye índice de láminas. | ||
| 500 | _aIncluye biografía del autor en las solapas. | ||
| 830 | 0 |
_aPintores _919840 |
|
| 830 | 0 |
_aArtistas españoles contemporaneos ; _n35 _946774 |
|
| 049 | _aBNGR | ||
| 999 |
_c22262 _d22262 |
||